000 00439nam a2200157Ia 4500
008 100122s9999 xx 000 0 und d
082 _b75141
_a920
100 _aमुळे ज्ञानेश्वर
245 _aनोकरशाईचे रंग
250 _a1
260 _c2009
300 _a286
630 _aनोकरशाईचे रंग
730 _aनोकरशाईचे रंग
942 _cBOOK
999 _c391194
_d391191